书目信息 |
| 题名: |
新课程理念与体育说课
|
|
| 作者: | 周志雄 , 周云 , 李海燕 著 | |
| 分册: | ||
| 出版信息: | 北京 人民体育出版社 2009 |
|
| 页数: | 326页 | |
| 开本: | 23cm | |
| 丛书名: | ||
| 单 册: | ||
| 中图分类: | G633.96 | |
| 科图分类: | ||
| 主题词: | 体育课--教学研究 , 体育课 , 教学研究 | |
| 电子资源: | ||
| ISBN: | 978-7-5009-3642-8 | |
| 000 | 00947nam0 2200277 45 | |
| 001 | 1130223797 | |
| 005 | 20110309091421.90 | |
| 010 | @a978-7-5009-3642-8@dCNY32.00 | |
| 100 | @a20110123d2009 em y0chiy50 ea | |
| 101 | 0 | @achi |
| 102 | @aCN@b110000 | |
| 105 | @ay z 000yy | |
| 106 | @ar | |
| 200 | 1 | @a新课程理念与体育说课@AXin Ke Cheng Li Nian Yu Ti Yu Shuo Ke@f周志雄,周云,李海燕著@FZhou Zhi Xiong, Zhou Yun, Li Hai Yan Zhu |
| 210 | @a北京@c人民体育出版社@d2009 | |
| 215 | @a326页@d23cm | |
| 330 | @a本书内容包括新课程改革与体育教学、说课的概念与发展、新课程对说课的要求、说课的原则和要求、说课的过程和内容等。 | |
| 606 | 0 | @a体育课@x教学研究 |
| 606 | 0 | @a体育课 |
| 606 | 0 | @a教学研究 |
| 690 | @aG633.96@v4 | |
| 701 | 0 | @a周志雄@AZhou Zhi Xiong@4著 |
| 701 | 0 | @a周云@AZhou Yun@c(中学教师)@4著 |
| 701 | 0 | @a李海燕@ALi Hai Yan@c(女,@f1983~)@4著 |
| 801 | 0 | @aCN@bTANGWEI@c20110309 |
| 905 | @b0530662-66@dG633.96@e109@f5 | |
| 新课程理念与体育说课/周志雄,周云,李海燕著.-北京:人民体育出版社,2009 |
| 326页;23cm |
| ISBN 978-7-5009-3642-8:CNY32.00 |
| 本书内容包括新课程改革与体育教学、说课的概念与发展、新课程对说课的要求、说课的原则和要求、说课的过程和内容等。 |
| ● |
| 相关链接 |
|
|
|
|
正题名:新课程理念与体育说课
索取号:G633.96/109
 
预约/预借
| 序号 | 登录号 | 条形码 | 馆藏地/架位号 | 状态 | 备注 |
| 1 | 0530662 | 205306621 | 第一样本阅览室/ [索取号:G633.96/109] | 在馆 | |
| 2 | 0530663 | 205306630 | 第四借阅区/ [索取号:G633.96/109] | 在馆 | |
| 3 | 0530664 | 205306649 | 第四借阅区/ [索取号:G633.96/109] | 在馆 | |
| 4 | 0530665 | 205306658 | 第四借阅区/ [索取号:G633.96/109] | 在馆 | |
| 5 | 0530666 | 205306667 | 密集书库-体育系/ [索取号:G633.96/109] | 在馆 |